| Tag |
First Indicator |
Second Indicator |
Subfields |
| LEADER |
00000cem a2200000Ia 4500 |
| 001 |
in00002782318 |
| 005 |
20151202171218.0 |
| 007 |
ru cu0hbuuu |
| 007 |
ar canzn |
| 008 |
090609s2007 vaubck a 0 eng d |
| 034 |
0 |
|
|a a
|d E0345000
|e E0350200
|f N0293300
|g N0292500
|
| 035 |
|
|
|a (OCoLC)ocn378505975
|
| 035 |
|
|
|a (OCoLC)378505975
|
| 040 |
|
|
|a GIS
|b eng
|c GIS
|d OCLCQ
|d TXA
|d UtOrBLW
|
| 043 |
|
|
|a mr-----
|
| 049 |
|
|
|a TXAM
|
| 052 |
|
|
|a 5687
|b R3
|
| 090 |
|
|
|a G5687.R3A4 2007
|b .M8
|
| 245 |
0 |
0 |
|a Multibeam bathymetry of the northern Gulf of ʻAqaba, Elat /
|c A.R. Sade [and others] ; Israel Oceanographic and Limnological Research. [and others].
|
| 246 |
1 |
|
|i Title of verso:
|a 3-D images of the multibeam bathymetry of the northern Gulf of ʻAqaba, Elat
|
| 255 |
|
|
|a Scale not given.
|c (E 34°50ʹ--E 35°02ʹ/N 29°33ʹ--N 29°25ʹ).
|
| 264 |
|
1 |
|a Toulouse :
|b CNES :
|b SPOT Image,
|c [2007]
|
| 264 |
|
4 |
|c ©2007
|
| 300 |
|
|
|a 1 map :
|b color, plastic treated, both sides ;
|c 65 x 90 cm. or smaller, on sheet 70 x 100 cm., folded to 18 x 25 cm.
|
| 336 |
|
|
|a cartographic image
|b cri
|2 rdacontent
|
| 337 |
|
|
|a unmediated
|b n
|2 rdamedia
|
| 338 |
|
|
|a sheet
|b nb
|2 rdacarrier
|
| 490 |
1 |
|
|a GSI report ;
|v GIS rept. GSI/03/2008, IOLR rept. IOLR/08/2008, MDSRC rept
|
| 500 |
|
|
|a Relief shown by shading; depth shown by shading, bathymetric tints, and isolines.
|
| 500 |
|
|
|a On verso: 3 maps oriented with views to north, west, and east.
|
| 500 |
|
|
|a "Research funded by MERC Award number TA-MOU-05-M25-004."
|
| 500 |
|
|
|a Agency logos in margin: Israel Oceanographic and Limnological Research, Geological Survey of Israel, Tel Aviv University, University of Missouri-Kansas City, Survey of Israel, United States Agency International Development.
|
| 500 |
|
|
|a Cartographic material.
|
| 650 |
|
0 |
|a Ocean bottom
|z Aqaba, Gulf of.
|
| 651 |
|
0 |
|a Aqaba, Gulf of
|v Maps.
|
| 650 |
|
0 |
|a Submarine topography
|z Aqaba, Gulf of
|v Maps.
|
| 655 |
|
7 |
|a Bathymetric maps.
|2 lcgft
|
| 655 |
|
7 |
|a Remote-sensing maps.
|2 lcgft
|
| 700 |
1 |
|
|a Sade, Ahron.
|
| 710 |
2 |
|
|a Ḥeḳer yamim ṿa-agamim le-Yiśraʼel be-ʻe.m.
|
| 830 |
|
0 |
|a Report (Makhon ha-geʼologi (Israel)) ;
|v GSI/03/2008.
|
| 948 |
|
|
|a cataloged
|b h
|c 2012/6/7
|d c
|e jgreene
|f 9:25:58 am
|
| 994 |
|
|
|a C0
|b TXA
|
| 999 |
|
|
|a MARS
|
| 999 |
f |
f |
|s e05ea062-6af4-34cc-8090-6b64040afb91
|i 364cc380-ea75-3a87-8347-3e390b19dc35
|t 0
|
| 952 |
f |
f |
|p normal
|a Texas A&M University
|b College Station
|c Sterling C. Evans Library
|d Evans: Maps (2nd floor)
|t 0
|e G5687.R3A4 2007 .M8
|h Library of Congress classification
|i unmediated -- sheet
|m A14841092411
|
| 998 |
f |
f |
|a G5687.R3A4 2007 .M8
|t 0
|l Evans: Maps (2nd floor)
|